Dissertatio inauguralis iuridica De transmissione iuris succedendi antecessoris morte non delati quam ... praeside Io. Augusto Hellfeld I.U.D. ... die XI. Ian. MDCCLXXII. ... publice defendet auctor Iohannes Gottfried Graape Hamburgensis (Запись № 10354961)

Подробности
000 -МАРКЕР
контрольное поле 01884nam0a22003731 4500
001 - ИДЕНТИФИКАТОР ЗАПИСИ
контрольное поле RU\NLR\A2V1719\11298
005 - ИДЕНТИФИКАТОР ВЕРСИИ
контрольное поле 20251203171251.9
012 ## - ИДЕНТИФИКАТОР ФИНГЕРПРИНТ
Фингерпринт isn- ion- etne bisu 3 1772R
Организация, к которой относится поле NLR: 10.20.8.15 Аллиг.19
035 ## - ДРУГИЕ СИСТЕМНЫЕ НОМЕРА
Идентификатор записи (NLR Aleph) 009853098
100 ## - ДАННЫЕ ОБЩЕЙ ОБРАБОТКИ
Данные общей обработки 20090302d1772 u y0rusy50 ca
101 0# - ЯЗЫК РЕСУРСА
Язык текста, звукозаписи и т.д. латинский
102 ## - СТРАНА ПУБЛИКАЦИИ ИЛИ ПРОИЗВОДСТВА
Страна публикации российская федерация
200 1# - ЗАГЛАВИЕ И СВЕДЕНИЯ ОБ ОТВЕТСТВЕННОСТИ
Основное заглавие Dissertatio inauguralis iuridica De transmissione iuris succedendi antecessoris morte non delati quam ... praeside Io. Augusto Hellfeld I.U.D. ... die XI. Ian. MDCCLXXII. ... publice defendet auctor Iohannes Gottfried Graape Hamburgensis
210 ## - ПУБЛИКАЦИЯ, РАСПРОСТРАНЕНИЕ И ДР.
Место издания, распространения и т.д. Ienae [Jena]
Имя издателя, распространителя и т. д. Litteris Maukianis
Дата издания, распространения и т.д. [1772]
215 ## - ФИЗИЧЕСКАЯ ХАРАКТЕРИСТИКА
Специфическое обозначение материала и объем [2], 50 с.
Размеры 4°(19 см)
307 ## - ПРИМЕЧАНИЯ, ОТНОСЯЩИЕСЯ К ФИЗИЧЕСКОМУ ОПИСАНИЮ
Текст примечания Заставка. Концовка. Sign.: A4-G2
316 ## - ПРИМЕЧАНИЯ ОБ ОСОБЕННОСТЯХ ЭКЗЕМПЛЯРА
Текст примечания Припл. к: Sturm G. Dissertatio juridica De testamento tempore pestis condito ...- Vitembergae [Wittenberg, 1733]
Организация и экземпляр, к которому относится поле 10.20.8.15 Аллиг.19
482 #0 - ПРИПЛЕТЕНО К
Встроенное поле 001RU\NLR\A2V1719\11279
-- 2001#$aDissertatio juridica De testamento tempore pestis condito quam ... ad diem VII. Nov. A. MDCCXXXIII. praeside Gottlieb Sturmio Ph. et J.U.D. ... submittit auctor et respondens Joannes Augustus Weinligius Dresd.
-- 700#1$6z01790$aSturm$bG.$f1699-1764$gGottlieb$4070
517 1# - ДРУГИЕ ВАРИАНТЫ ЗАГЛАВИЯ
Вариант заглавия De transmissione iuris succedendi antecessoris morte non delati ...
620 ## - МЕСТО И ДАТА ПУБЛИКАЦИИ, ИСПОЛНЕНИЯ И Т. Д.
Город Jena
700 #1 - ИМЯ ЛИЦА - ПЕРВИЧНАЯ ОТВЕТСТВЕННОСТЬ
Связь между полями z01790
Начальный элемент ввода Hellfeld
Часть имени, кроме начального элемента ввода J.A.
Даты 1717-1782
Расширение инициалов личного имени Johann August
Код отношения Автор
702 #1 - ИМЯ ЛИЦА - ВТОРИЧНАЯ ОТВЕТСТВЕННОСТЬ
Связь между полями z02790
Начальный элемент ввода Graape
Часть имени, кроме начального элемента ввода J.G.
Даты 1747-1796
Расширение инициалов личного имени Johann Gottfried
Код отношения Автор
702 #1 - ИМЯ ЛИЦА - ВТОРИЧНАЯ ОТВЕТСТВЕННОСТЬ
Связь между полями z03790
Начальный элемент ввода Maucke
Часть имени, кроме начального элемента ввода J.M.
Даты 1742-1816
Расширение инициалов личного имени Johann Michael
Код отношения Печатник (типограф)
790 #1 - ИМЯ ЛИЦА - АЛЬТЕРНАТИВНАЯ ФОРМА
Связь между полями z01700
Начальный элемент ввода Hellfeld
Расширение инициалов личного имени Io. Augustus
Код отношения Автор
790 #1 - ИМЯ ЛИЦА - АЛЬТЕРНАТИВНАЯ ФОРМА
Связь между полями z02702
Начальный элемент ввода Graape
Расширение инициалов личного имени Iohannes Gottfried
Код отношения Автор
790 #1 - ИМЯ ЛИЦА - АЛЬТЕРНАТИВНАЯ ФОРМА
Связь между полями z03702
Начальный элемент ввода Maukianus
Код отношения Печатник (типограф)
801 #0 - ИСТОЧНИК ЗАПИСИ
Страна российская федерация
Организация NLR
Дата составления 20090302
852 ## - МЕСТОНАХОЖДЕНИЕ И ШИФР ХРАНЕНИЯ
Идентификатор организации NLR
Шифр хранения (Call Number) 10.20.8.15 Аллиг.19
942 ## - ДОПОЛНИТЕЛЬНЫЕ ЭЛЕМЕНТЫ ЗАПИСИ (АБИС)
Тип экземпляра АБИС Книга
980 ## - КОЛЛЕКЦИЯ
Название коллекции Национальная библиография
980 ## - КОЛЛЕКЦИЯ
Название коллекции Иностранная рекаталогизация: 17-19 век

Нет доступных экземпляров.